LIBRARY & INFORMATION CENTRE, KCAET, TAVANUR

ONLINE PUBLIC ACCESS CATALOGUE (OPAC)

Water and Wastwater Technology (Record no. 14117)

MARC details
000 -LEADER
fixed length control field 00386nam a22001457a 4500
020 ## - INTERNATIONAL STANDARD BOOK NUMBER
ISBN 9788120346017
082 ## - DEWEY DECIMAL CLASSIFICATION NUMBER
Classification number 628.11
Item number HAM/WA
100 ## - MAIN ENTRY--AUTHOR NAME
Personal name Hammer, Mark J
-- Hammer, Mark Jr
245 ## - TITLE STATEMENT
Title Water and Wastwater Technology
250 ## - EDITION STATEMENT
Edition statement 7
260 ## - PUBLICATION, DISTRIBUTION, ETC. (IMPRINT)
Place of publication New Delhi
Name of publisher PHI Learning
Year of publication 2012
300 ## - PHYSICAL DESCRIPTION
Number of Pages 460
650 ## - SUBJECT ADDED ENTRY--TOPICAL TERM
Topical Term Water Technology
-- Waste Water Technology
942 ## - ADDED ENTRY ELEMENTS (KOHA)
Koha item type Books

No items available.

free website counter